000 01883 a2200337 4500
001 57046
005 20260407155833.0
008 260407a2021 arg spa d
003 AR-UNSa-BCEJYS
040 _aAR-UNSa-BCEJYS
_bspa
_cAR-UNSa-BCEJYS
080 _a342.7
_xDerechos fundamentales. Derechos humanos. Derechos y deberes de los ciudadanos (Derecho a la Salud, vivienda)
245 1 0 _aUn análisis de la doctrina del control de convencionalidad
_pDoctrina y práctica
020 _a978-987-730-698-9
264 1 _aResistencia :
_bConTexto
_c2021
300 _a149 p.
_c22 cm.
505 _aCapítulo I: 1. Punto de partida – 2. Introduciéndonos en la problemática. Un fundamento cuestionable – 3. El marco convencional – 4. Las opiniones consultivas y la extensión del desborde – 5. Las recomendaciones de la Comisión Interamericana – Capitulo II: 1. Explorando las causas de los desbordes interpretativos – 2. La (inadecuada) concepción interpretativa del control de convencionalidad – Capitulo III: 1. Acción y reacción – 2. El fallo Misterio y la discusión “sistema convencional vs. Sistema de integración” – 3. El margen de apreciación nacional – 4. Teoría de la identidad constitucional y de los contralimites – 5. Críticas y críticas a las críticas – Capitulo IV: Conclusiones
041 _aspa
942 _cBK
590 _aniveau_biblio:m niveau_hierar:0
100 1 _aColombo Murúa, Ignacio
700 1 _aGómez Diez, Martín
700 1 _aRodríguez Rufino, Cecilia
700 1 _aLeake, María Cecilia
700 1 _aGuzmán Coraita, Gonzalo
700 1 _aOrozco, Joaquìn
700 1 _aCuello, Lucas
700 1 _aLamagni, Luciano
700 1 _aMárquez, Mariana
700 1 _aZorpudes, Mariano
856 4 1 _uhttps://biblioeco.unsa.edu.ar/pmb/images/libros/L128670.jpg
_yImagen de portada
_qimage/jpeg
999 _c6107
_d6107